000 00336nam a2200133Ia 4500
008 240624s9999 xx 000 0 und d
041 _aeng
082 _a339 TUR
100 _aTURNOVSKY STEPHEN J
245 _aMETHODS OF MACROECONOMIC DYNAMICS
260 _c1997
_aNew Delhi
_bPrentice-Hall of India
300 _axiv, : 535
365 _cRS
999 _c375
_d375